Educación, escuela y profesorado: aportes desde el Consejo de Decanos de Facultades de Educación del Consejo de Rectores de las Universidades Chilenas -CONFAUCE-

Na minha lista:
Detalhes bibliográficos
Autor principal: Torres Durán, Bastián (Author)
Formato: Livro
Idioma:espanhol
Publicado em: Concepción Universidad de Concepción 2019
Edição:1a. ed
Assuntos:
Tags: Adicionar Tag
Sem tags, seja o primeiro a adicionar uma tag!

MARC

LEADER 00000cam a2200000 a 4500
001 UCC9969
003 CL-VaPUC
005 20210223002201.0
008 191129e20190000cl spa d
020 |a 9789562274494 
082 0 4 |a 370.115  |b TOR  |2 21 
100 1 |a Torres Durán, Bastián  |e author  |9 605274 
245 1 0 |a Educación, escuela y profesorado: aportes desde el Consejo de Decanos de Facultades de Educación del Consejo de Rectores de las Universidades Chilenas -CONFAUCE- 
250 |a 1a. ed 
260 |a Concepción  |b Universidad de Concepción  |c 2019 
300 |a 471 p 
583 |a last modification  |c 20191129 11:37:00  |k Rodrigo Vera 
650 0 0 |a Filosofía de la educación   |9 258384 
650 0 0 |a Cambio social   |9 256857 
650 0 7 |a ROL DOCENTE  |2 CL-VaPUC  |9 605275 
942 |c BK 
945 |a dcastane  |d 20191129 11:37:00 
999 |c 376240  |d 376238 
952 |0 0  |1 0  |3 erb  |4 0  |6 370_115000000000000_TOR_2019  |7 0  |8 A  |9 495577  |a BIBEDU  |b BIBEDU  |i 5608953  |o 370.115 TOR 2019  |p 5608953  |r 2020-01-06  |w 2020-01-06  |y BK  |z Catalogado en:20191129  |k EPE 
952 |0 0  |1 0  |3 erb  |4 0  |6 370_115000000000000_TOR_2019  |7 0  |8 A  |9 495578  |a BIBEDU  |b BIBEDU  |i 5608961  |o 370.115 TOR 2019  |p 5608961  |r 2020-01-06  |w 2020-01-06  |y BK  |z Catalogado en:20191129  |k EPE 
952 |0 0  |1 0  |3 erb  |4 0  |6 370_115000000000000_TOR_2019  |7 0  |8 A  |9 495579  |a BIBEDU  |b BIBEDU  |i 560897K  |o 370.115 TOR 2019  |p 560897K  |r 2020-01-06  |w 2020-01-06  |y BK  |z Catalogado en:20191129  |k EPE 
952 |0 0  |1 0  |3 erb  |4 0  |6 370_115000000000000_TOR_2019  |7 0  |8 A  |9 495580  |a BIBEDU  |b BIBEDU  |i 5608988  |o 370.115 TOR 2019  |p 5608988  |r 2020-01-06  |w 2020-01-06  |y BK  |z Catalogado en:20191129  |k EPE 
952 |0 0  |1 0  |3 erb  |4 0  |6 370_115000000000000_TOR_2019  |7 0  |8 A  |9 495581  |a BIBEDU  |b BIBEDU  |i 5608996  |o 370.115 TOR 2019  |p 5608996  |r 2020-01-06  |w 2020-01-06  |y BK  |z Catalogado en:20191129  |k EPE